Notes on the position of women (Record no. 1441914)

MARC details
000 -LEADER
fixed length control field 00525nam a2200193Ia 4500
005 - DATE AND TIME OF LATEST TRANSACTION
control field 20250923144656.0
008 - FIXED-LENGTH DATA ELEMENTS--GENERAL INFORMATION
fixed length control field 008 250917s9999 xx 000 0 eng d
037 ## - SOURCE OF ACQUISITION
Stock number Textual
040 ## - CATALOGING SOURCE
Original cataloging agency DSWL
Language of cataloging eng
Transcribing agency DSWL
041 ## - LANGUAGE CODE
Language code of text/sound track or separate title eng
Source of code eng
084 ## - COLON CLASSIFICATION NUMBER
Classification number Y15oaQ:2.4, N09
Assigning agency DSWL
245 #0 - TITLE STATEMENT
Title Notes on the position of women
260 ## - PUBLICATION, DISTRIBUTION, ETC.
Place of publication, distribution, etc. Calcutta
Name of publisher, distributor, etc. uperintendent Printing India
Date of publication, distribution, etc. 1909
300 ## - PHYSICAL DESCRIPTION
Extent vi,30p.
365 ## - TRADE PRICE
Price type code INR
Price amount 15
925 ## -
-- 15
942 ## - ADDED ENTRY ELEMENTS (KOHA)
Koha item type Textual
Classification part Y15oaQ:2.4, N09
Holdings
Withdrawn status Lost status Damaged status Not for loan Home library Current library Date acquired Total Checkouts Full call number Barcode Date last seen Price effective from Koha item type
        Department of Social Work Library Department of Social Work Library 2025-09-23   Y15oaQ:2.4, N09 SW0006356 2025-09-23 2025-09-23 Textual
Copyright @ Delhi University Library System